|
|
|
|
| LEADER |
01245nam a2200241 u 4500 |
| 001 |
10021502 |
| 003 |
GR-PaULI |
| 005 |
20220929135827.0 |
| 008 |
990423s2018 gr a 1 0 gre |
| 952 |
|
|
|0 0
|1 0
|2 ddc
|4 0
|6 949_618000000000000_ΚΩΝ
|7 0
|9 364773
|a LISP
|b LISP
|c BSC
|d 2022-09-29
|i 257985
|l 0
|o 949.618 ΚΩΝ
|p 025000293142
|r 2022-09-29 00:00:00
|t 1
|w 2022-09-29
|y BK15
|
| 999 |
|
|
|c 213211
|d 213211
|
| 020 |
|
|
|a 9789608520523
|
| 040 |
|
|
|a GR-PaULI
|c GR-PaULI
|b gre
|e AACR2
|
| 082 |
0 |
4 |
|a 949.618
|2 23
|
| 245 |
0 |
2 |
|a Η Κωνσταντινούπολη στην Ιστορία και την [sic] Λογοτεχνία :
|b πρακτικά συνεδρίου : 13-14 Μαΐου 2016 /
|c επιμέλεια Χαράλαμπος Αθ. Μηνάογλου.
|
| 260 |
|
|
|a Αθήνα :
|b Σύλλογος Κωνσταντινουπολιτών,
|c 2018.
|
| 300 |
|
|
|a 608 σ. ;
|c 24 εκ.
|
| 651 |
|
4 |
|9 188422
|a Κωνσταντινούπολη
|x Στη λογοτεχνία
|
| 651 |
|
4 |
|9 93536
|a Κωνσταντινούπολη
|x Στην τέχνη
|
| 651 |
|
4 |
|9 138437
|a Κωνσταντινούπολη
|x Ιστορία
|y 1453-
|
| 700 |
1 |
|
|9 194133
|a Μηνάογλου, Χαράλαμπος Αθ.
|e επιμελητής
|
| 942 |
|
|
|2 ddc
|c BK
|
| 998 |
|
|
|c ΓΚΟΓΚΟΥ
|d 2022-09
|